000 00663nam a22002177a 4500
003 OSt
005 20250826084156.0
008 250826b |||||||| |||| 00| 0 eng d
020 _a978-0-415-39139-9.
040 _aDWCL-Main lib
_cOC
082 _aCirc. 152.334 Ut91m 2008
100 _aAndrea Utley
245 _aMotor control, learning and development/
_cAndrea Utley
260 _aN. Y. :
_bTaylor & Francis Group,
_cc2008.
300 _avii, 244 p
_bill.
_c 24 cm.
504 _aIncludes bibliographical references and index.
650 _a1. Motor ability.
650 _a2. Motor learning.
700 _aSarah Ashtill
942 _2ddc
_cBK-CIRC
_kCirc.
_n0
999 _c4292
_d4292